1652 1293 1525 1856 1579 1331 1728 1443 1739 1991 1895 1121 1808 1923 1318 1798 1279 1360 1337 1659 1600 1282 1731 1440 1110 1043 1835 1304 1892 1971 1933 1179 1859 1014 1756 1111 1664 1683 1119 1866 1554 1235 1074 1030 1766 1176 1770 1909 1896 1825 1598 1007 1330 1656 1813 1679 1430 1756 1454 1470 1788 1918 1002 1186 1751 1550 1948 1610 1247 1727 1788 1428 1321 1723 1971 1996 1840 1315 1741 1741 1513 1841 1849 1738 1718 1157 1872 1724 1769 1968 1640 1497 1876 1322 1314 1107 1354 1287 1399 BCNSPRNW ULIB Ver.6.0+V

เปลี่ยนเป็นภาษาไทย

Change to English
 แสดงรายละเอียดบรรณานุกรม
  กลับหน้าหลัก

Brief Record : Get Marc (ISO 2709) : E-mail record : QR code < ปิดหน้าต่าง
LEADER : 00000nam 2200000uu 4500
001    13399114253
003     ULIB
008    110622s||||||||th 000 0 tha d
020    9786167405063
050  4 BF858^bว475ล
100 0  วาโยรี
245 10 เลขอ่านใจทำนายชีวิตเสริมโชคเพิ่มบารมี /^cวาโยรี
250    พิมพ์ครั้งที่ 1
260    กรุงเทพฯ :^bอาศรมปัญญา5980,^c2553
300    128 หน้า
650  7 การทำนายจากตัวเลข
650  7 ทำนายชีวิต
945    ^p115^l0^i031229
995    ทศพร
999 ^a ใช้งานได้ทุกระบบ
รายการนี้ยังไม่มีแท็ก
คุณยังไม่ได้ล็อกอิน คุณสามารถมีกิจกรรมร่วมกับเว็บไซต์ได้ แต่ต้องล็อกอินก่อน ::
  ล็อกอิน

รายการสื่อสารสนเทศ

ลำดับที่ ประเภท เลขเรียก/บาร์โค้ด สถานที่ สถานะ
- ไม่พบข้อมูล -

รายการใกล้เคียง
    ผู้แต่ง [วาโยรี]

    หัวเรื่อง [การทำนายจากตัวเลข]
    หัวเรื่อง [ทำนายชีวิต]

BibComment


ยังไม่เคยถูกคอมเมนท์

คอมเมนท์ทรัพยากรรายการนี้
  คอมเมนท์: เลขอ่านใจทำนายชีว..


 Copyright 2026. Bcnsprnw @Library